[Event "Albena BUL, Team Ch 2011 GrB Men"]
[Site "Albena BUL"]
[Date "2011.06.04"]
[Round "4.4"]
[White "Glavchev, Stanislav"]
[Black "Yotov, Yoto"]
[Result "1-0"]
[WhiteElo "2131"]
[BlackElo "2026"]
[PlyCount "110"]
[EventDate "2011.06.02"]
[EventType "team"]
[EventRounds "9"]
[EventCountry "BUL"]

1. e4 c6 2. Nf3 d5 3. Nc3 dxe4 4. Nxe4 Bg4 5. h3 Bh5 6. Ng3 Bg6 7. Ne5 Nd7 8.
Nxg6 hxg6 9. d4 Ngf6 10. Be2 e6 11. Bf3 Bd6 12. Ne2 e5 13. g3 Qc7 14. Bg2 exd4
15. Qxd4 O-O 16. O-O Rfe8 17. Nf4 Nc5 18. Be3 Ne6 19. Nxe6 Rxe6 20. Rae1 a6 21.
Qc4 Rae8 22. Bd2 Qb6 23. Rxe6 Rxe6 24. Bc3 Qb5 25. Qxb5 axb5 26. Re1 Rxe1+ 27.
Bxe1 Kf8 28. Kf1 Ke7 29. Ke2 Kd7 30. Kd3 Be5 31. b3 Ne8 32. Bd2 Nc7 33. f4 Bf6
34. g4 Ne6 35. Be3 g5 36. fxg5 Bxg5 37. Bxg5 Nxg5 38. h4 Ne6 39. Ke4 Kd6 40. c3
Nc5+ 41. Kf5 Ke7 42. h5 f6 43. Kg6 Ne6 44. Be4 Kf8 45. h6 gxh6 46. Kxf6 Nf4 47.
a4 bxa4 48. bxa4 Ne2 49. c4 Nc3 50. Bc2 h5 51. gxh5 Kg8 52. a5 Na2 53. Ke5 Nb4
54. Bf5 Na6 55. Kd6 Kg7 1-0

[Event "Albena BUL, Team Ch 2011 GrB Men"]
[Site "Albena BUL"]
[Date "2011.06.04"]
[Round "4.4"]
[White "Yotov, Hristo"]
[Black "Rusev, Jeliazko"]
[Result "1-0"]
[WhiteElo "1987"]
[BlackElo "2273"]
[PlyCount "65"]
[EventDate "2011.06.02"]
[EventType "team"]
[EventRounds "9"]
[EventCountry "BUL"]

1. d4 Nf6 2. e3 c5 3. Nf3 b6 4. b3 Bb7 5. Bb2 e6 6. c4 Be7 7. Nc3 O-O 8. Be2
Ne4 9. Nxe4 Bxe4 10. Bd3 f5 11. dxc5 bxc5 12. O-O Bf6 13. Bxf6 Qxf6 14. Bxe4
fxe4 15. Nd2 d5 16. cxd5 exd5 17. Nxe4 dxe4 18. Qd5+ Kh8 19. Qxa8 Nc6 20. Qb7
Qg6 21. Qc7 h5 22. Rad1 Rf6 23. Qg3 Qh6 24. Qh4 Re6 25. Rd5 g6 26. Rxc5 Qf8 27.
Rfc1 Qe8 28. Qg5 Kg7 29. Qd5 Ne5 30. Qxe4 Kh6 31. Qf4+ g5 32. Qf5 g4 33. Rxe5
1-0

[Event "Albena BUL, Team Ch 2011 GrB Men"]
[Site "Albena BUL"]
[Date "2011.06.04"]
[Round "4.4"]
[White "Shivacheva, Donika"]
[Black "Vasilev, Vergil"]
[Result "1/2-1/2"]
[WhiteElo "1681"]
[BlackElo "2005"]
[PlyCount "126"]
[EventDate "2011.06.02"]
[EventType "team"]
[EventRounds "9"]
[EventCountry "BUL"]

1. e4 d5 2. exd5 Qxd5 3. Nc3 Qa5 4. d4 Nf6 5. Nf3 Bf5 6. Bd2 c6 7. Ne2 Qb6 8.
Ng3 Bg6 9. Bc3 e6 10. Be2 Nbd7 11. O-O Nd5 12. Qd2 Qc7 13. Nh4 Bd6 14. Nxg6
hxg6 15. Bf3 N7f6 16. Rfe1 Rh7 17. Bxd5 Nxd5 18. Qg5 Bf4 19. Qg4 O-O-O 20. Re2
Rdh8 21. h3 g5 22. Qf3 Rh4 23. Rae1 g4 24. hxg4 Bg5 25. Re4 Nf6 26. Re5 Rxg4
27. Ne4 Rhh4 28. g3 Rxe4 29. Rxg5 Rxe1+ 30. Bxe1 Rh7 31. Qa3 b6 32. Qf8+ Kb7
33. Rxg7 Rxg7 34. Qxg7 Ne4 35. Qh7 Nd6 36. Bb4 Nf5 37. Qh8 Qd7 38. Bc3 Qd5 39.
Qf6 Qd7 40. a3 Ka6 41. Qe5 Kb7 42. a4 a6 43. g4 Nh4 44. Qg3 Ng6 45. Qf3 Nh4 46.
Qg3 Ng6 47. Qf3 Nh4 48. Qg3 Ng6 49. Qf3 Qe7 50. Qg3 a5 51. Bd2 Qf6 52. c3 Nh4
53. Bf4 Qd8 54. Be5 Ng6 55. Bd6 Nh4 56. Ba3 Qf6 57. Qd6 Nf3+ 58. Kg2 Ne1+ 59.
Kf1 Nd3 60. Qd7+ Ka6 61. Qc8+ Ka7 62. Qc7+ Ka6 63. Qc8+ Ka7 1/2-1/2

[Event "Albena BUL, Team Ch 2011 GrB Men"]
[Site "Albena BUL"]
[Date "2011.06.04"]
[Round "4.5"]
[White "Galunov, Todor"]
[Black "Tashkov, Rumen"]
[Result "0-1"]
[WhiteElo "2330"]
[BlackElo "2248"]
[PlyCount "120"]
[EventDate "2011.06.02"]
[EventType "team"]
[EventRounds "9"]
[EventCountry "BUL"]

1. Nf3 g6 2. c4 Bg7 3. d4 d6 4. Nc3 Bg4 5. e3 Nc6 6. Be2 e5 7. O-O exd4 8. exd4
Nge7 9. d5 Bxf3 10. Bxf3 Ne5 11. Qa4+ Qd7 12. Qxd7+ Nxd7 13. Re1 Ne5 14. Nb5
Nxf3+ 15. gxf3 Kd7 16. Nxc7 Rac8 17. Nb5 Rxc4 18. Nxa7 Nxd5 19. Rd1 Ke6 20.
Re1+ Be5 21. b3 Rh4 22. Ba3 Nb4 23. Bxb4 Rxb4 24. a3 Rxb3 25. f4 Ra8 26. fxe5
dxe5 27. f4 f6 28. fxe5 fxe5 29. Rac1 Rxa7 30. Rc5 Raxa3 31. Rcxe5+ Kf6 32.
Re6+ Kg7 33. Re7+ Kh6 34. R1e2 Ra4 35. Rf7 Rg4+ 36. Kf1 Rbb4 37. Rd7 Rbf4+ 38.
Ke1 Re4 39. Rxb7 Rxe2+ 40. Kxe2 Rh4 41. Kf3 Rxh2 42. Kg3 Ra2 43. Rb5 Ra6 44.
Kh2 g5 45. Rb8 Kh5 46. Rb5 Kh4 47. Rb7 h5 48. Rb2 g4 49. Rb1 Ra2+ 50. Kh1 Kh3
51. Rc1 h4 52. Rb1 Kg3 53. Kg1 Ra3 54. Kh1 Rd3 55. Kg1 h3 56. Ra1 Kf3 57. Re1
g3 58. Kh1 Kf2 59. Rf1+ Ke2 60. Rg1 Rd1 0-1

[Event "Albena BUL, Team Ch 2011 GrB Men"]
[Site "Albena BUL"]
[Date "2011.06.04"]
[Round "4.5"]
[White "Dobrev, Nayden"]
[Black "Bochev, Krasimir"]
[Result "1-0"]
[WhiteElo "2235"]
[BlackElo "2123"]
[PlyCount "125"]
[EventDate "2011.06.02"]
[EventType "team"]
[EventRounds "9"]
[EventCountry "BUL"]

1. d4 e6 2. c4 Nf6 3. Nc3 d5 4. Bg5 Be7 5. e3 O-O 6. Nf3 h6 7. Bh4 Ne4 8. Bxe7
Qxe7 9. Qc2 Nxc3 10. Qxc3 c6 11. Bd3 Nd7 12. O-O dxc4 13. Bxc4 b6 14. b4 Bb7
15. Be2 Rfc8 16. Rab1 c5 17. bxc5 Be4 18. Rbc1 bxc5 19. Qa3 Qd6 20. Nd2 Bd5 21.
Nb3 Bxb3 22. axb3 Qb6 23. Qa4 Rc7 24. Qc4 Rac8 25. d5 exd5 26. Qxd5 Nf6 27. Qe5
Re8 28. Qc3 Ne4 29. Qc2 Qb4 30. Rfd1 Qb6 31. Ra1 Qf6 32. Bc4 Rd7 33. Rxd7 Qxa1+
34. Qd1 Qxd1+ 35. Rxd1 Nf6 36. Rd6 Rc8 37. f3 Kf8 38. e4 Ke7 39. Rd2 Rc7 40.
Kf2 Rd7 41. Ra2 Rc7 42. Ke3 Nd7 43. f4 Nb6 44. Bb5 f5 45. exf5 Nd5+ 46. Kf3 Nc3
47. Ra5 Nxb5 48. Rxb5 Kf6 49. g4 c4 50. bxc4 Rxc4 51. Ra5 Rc3+ 52. Kg2 Rc2+ 53.
Kg3 Rc3+ 54. Kh4 Rc7 55. Kh5 Kf7 56. h4 Rb7 57. Ra6 Rc7 58. g5 Rb7 59. f6 hxg5
60. hxg5 g6+ 61. Kh6 Kg8 62. Kxg6 Rf7 63. Kf5 1-0

[Event "Albena BUL, Team Ch 2011 GrB Men"]
[Site "Albena BUL"]
[Date "2011.06.04"]
[Round "4.5"]
[White "Stefanov, Plamen"]
[Black "Janachkov, Angel"]
[Result "0-1"]
[WhiteElo "2220"]
[BlackElo "2223"]
[PlyCount "98"]
[EventDate "2011.06.02"]
[EventType "team"]
[EventRounds "9"]
[EventCountry "BUL"]

1. e4 e5 2. Nf3 Nc6 3. Bc4 Bc5 4. c3 Qe7 5. O-O Nf6 6. d3 d6 7. b4 Bb6 8. a4 a5
9. b5 Nd8 10. h3 h6 11. Be3 g5 12. Nh2 Rg8 13. Ng4 h5 14. Nxf6+ Qxf6 15. Qxh5
Ne6 16. Bxe6 Bxe6 17. Nd2 g4 18. h4 g3 19. Bxb6 Bg4 20. fxg3 Qxf1+ 21. Nxf1
Bxh5 22. Bxc7 Kd7 23. Bb6 Be2 24. Kh2 Bxd3 25. Nd2 Rg4 26. Re1 f5 27. Kh3 Rag8
28. Re3 Bxe4 29. Nxe4 Rxe4 30. Rxe4 fxe4 31. h5 Ke6 32. g4 Rc8 33. Bxa5 Rc4 34.
Bb4 e3 35. Kg3 Re4 36. h6 e2 37. c4 e1=Q+ 38. Bxe1 Rxe1 39. a5 Kf6 40. a6 bxa6
41. bxa6 Ra1 42. Kf3 Kg6 43. g5 Rxa6 44. Ke4 Ra5 45. g4 Rc5 46. Kd3 Rc7 47. Ke4
Rxc4+ 48. Kd5 Rxg4 49. Kxd6 e4 0-1

[Event "Albena BUL, Team Ch 2011 GrB Men"]
[Site "Albena BUL"]
[Date "2011.06.04"]
[Round "4.5"]
[White "Kamenov, Valentin"]
[Black "Avramov, Anton"]
[Result "0-1"]
[WhiteElo "1813"]
[BlackElo "2193"]
[PlyCount "58"]
[EventDate "2011.06.02"]
[EventType "team"]
[EventRounds "9"]
[EventCountry "BUL"]

1. e4 d6 2. d4 Nf6 3. Nc3 c6 4. Nf3 Bg4 5. h3 Bh5 6. g4 Bg6 7. Bd3 e6 8. Qe2 d5
9. Bg5 Be7 10. e5 Nfd7 11. Bxe7 Qxe7 12. O-O-O a6 13. h4 c5 14. dxc5 Nc6 15. h5
Bxd3 16. cxd3 Qxc5 17. d4 Qa5 18. Nd2 Nxd4 19. Qe3 Nc6 20. Nb3 Qb6 21. Qg5 O-O
22. h6 g6 23. Ne4 Qc7 24. Rhe1 Ncxe5+ 25. Kb1 dxe4 26. Rxe4 Rac8 27. Qd2 Nc5
28. Nxc5 Qxc5 29. f4 Nxg4 0-1

[Event "Albena BUL, Team Ch 2011 GrB Men"]
[Site "Albena BUL"]
[Date "2011.06.05"]
[Round "5.1"]
[White "Tashkov, Rumen"]
[Black "Karakehajov, Kalin"]
[Result "0-1"]
[WhiteElo "2248"]
[BlackElo "2493"]
[PlyCount "132"]
[EventDate "2011.06.02"]
[EventType "team"]
[EventRounds "9"]
[EventCountry "BUL"]

1. d4 d5 2. Nf3 e6 3. c4 c6 4. Qc2 Nf6 5. g3 Be7 6. Bg2 O-O 7. O-O Nbd7 8. Nbd2
b6 9. b3 Bb7 10. Bb2 Rc8 11. Rac1 Qc7 12. Qb1 Qb8 13. Rfd1 Rfd8 14. a3 c5 15.
cxd5 Bxd5 16. e4 Bb7 17. e5 Nd5 18. Ne4 h6 19. dxc5 Nxc5 20. Nd4 Nd7 21. Rxc8
Rxc8 22. Nb5 Nxe5 23. Qa1 f6 24. Nd4 Nc7 25. Ne2 Qa8 26. Qb1 Rd8 27. Rxd8+ Bxd8
28. Nf4 Be7 29. Bxe5 fxe5 30. Ng6 Bxa3 31. Nxe5 Nd5 32. Qd1 Bb2 33. Qh5 Qf8 34.
Nd6 Nf6 35. Qg6 Bxe5 36. Nxb7 Bd4 37. Bf3 Qb4 38. Qc2 Bc5 39. Nxc5 Qxc5 40.
Qxc5 bxc5 41. Kf1 Kf7 42. Ke2 Ne8 43. Kd3 Nd6 44. Kc3 Kf6 45. Bc6 g5 46. Bf3
Ke5 47. Kd3 Kf5 48. h3 Kg6 49. Kc3 h5 50. Bc6 h4 51. Kd3 Kf5 52. Bf3 Ke5 53.
gxh4 gxh4 54. Bg2 Kf4 55. Bc6 e5 56. Bg2 e4+ 57. Kc3 Nf7 58. Kc4 Ne5+ 59. Kd5
Nf3 60. Kxc5 Ne1 61. Bh1 Nd3+ 62. Kb5 Nxf2 63. Bg2 e3 64. Bf1 Nxh3 65. Ka6 Ng1
66. Kxa7 h3 0-1

[Event "Albena BUL, Team Ch 2011 GrB Men"]
[Site "Albena BUL"]
[Date "2011.06.05"]
[Round "5.2"]
[White "Ninov, Ventsislav"]
[Black "Galunov, Todor"]
[Result "1/2-1/2"]
[WhiteElo "2289"]
[BlackElo "2330"]
[PlyCount "61"]
[EventDate "2011.06.02"]
[EventType "team"]
[EventRounds "9"]
[EventCountry "BUL"]

1. e4 e6 2. d4 d5 3. e5 c5 4. Qg4 cxd4 5. Nf3 Nc6 6. Bd3 h5 7. Qf4 f6 8. h4 Qc7
9. O-O Nxe5 10. Nxd4 a6 11. Qg3 Bd6 12. Bf4 Nh6 13. Re1 Nhg4 14. Nd2 Kf7 15. c3
Rd8 16. Bc2 Nf3+ 17. Qxf3 Bxf4 18. Nf1 Bd7 19. Re2 Bh6 20. Rae1 Re8 21. g3 Rad8
22. Qd3 Ne5 23. Qd1 g6 24. Qb1 Rg8 25. f4 Ng4 26. Nxe6 Bxe6 27. Rxe6 Bf8 28.
Qd1 Qc5+ 29. R6e3 Nxe3 30. Nxe3 d4 31. Bb3+ 1/2-1/2

[Event "Albena BUL, Team Ch 2011 GrB Men"]
[Site "Albena BUL"]
[Date "2011.06.05"]
[Round "5.2"]
[White "Dimitrov, Atanas"]
[Black "Bozov, Ahmet"]
[Result "0-1"]
[WhiteElo "2352"]
[BlackElo "2101"]
[PlyCount "98"]
[EventDate "2011.06.02"]
[EventType "team"]
[EventRounds "9"]
[EventCountry "BUL"]

1. Nf3 d5 2. d4 c6 3. c4 Nf6 4. Nc3 a6 5. c5 Bf5 6. Bf4 Nbd7 7. h3 h6 8. e3 g5
9. Bg3 Bg7 10. Bd3 Bxd3 11. Qxd3 O-O 12. h4 g4 13. Ne5 Nh5 14. Nxg4 Nxg3 15.
fxg3 f5 16. Nf2 e5 17. O-O-O Qc7 18. Ne2 b6 19. cxb6 Nxb6 20. Kb1 Nc4 21. Rc1
Rab8 22. Rxc4 dxc4 23. Qxc4+ Kh8 24. Nd3 Qb6 25. b3 Qb5 26. Rc1 Rfd8 27. Nc5
exd4 28. Nxd4 Bxd4 29. exd4 Qxc4 30. Rxc4 a5 31. Nd3 Rg8 32. Ne5 Rxg3 33. Nxc6
Rb5 34. Rc2 a4 35. b4 a3 36. Rd2 Rc3 37. d5 Kg7 38. Rc2 Rxc2 39. Kxc2 Rxd5 40.
Kc3 Kf6 41. Nd4 Ke5 42. Nc2 Ke4 43. Nxa3 Rd3+ 44. Kb2 Rd2+ 45. Kb3 Rxg2 46. Nc4
f4 47. b5 f3 48. a4 Re2 49. b6 f2 0-1

[Event "Albena BUL, Team Ch 2011 GrB Men"]
[Site "Albena BUL"]
[Date "2011.06.05"]
[Round "5.2"]
[White "Yotov, Yoto"]
[Black "Dobrev, Nayden"]
[Result "0-1"]
[WhiteElo "2026"]
[BlackElo "2235"]
[PlyCount "96"]
[EventDate "2011.06.02"]
[EventType "team"]
[EventRounds "9"]
[EventCountry "BUL"]

1. d4 Nf6 2. Nf3 g6 3. g3 Bg7 4. Bg2 O-O 5. O-O d6 6. b3 c5 7. c4 Nc6 8. Bb2
Ne4 9. Nbd2 f5 10. e3 Qa5 11. Nxe4 fxe4 12. Ne1 Bf5 13. Nc2 h5 14. h3 Rad8 15.
g4 hxg4 16. hxg4 Bd7 17. Bxe4 cxd4 18. exd4 Qg5 19. f3 Be6 20. Bxc6 bxc6 21.
Qe2 Bd7 22. Rae1 Rf7 23. Bc1 Qa5 24. Qd3 Qxa2 25. Bd2 Qa6 26. Qxg6 Qb7 27. Qd3
Rdf8 28. Kg2 c5 29. d5 e6 30. Ne3 Rf4 31. Rh1 R8f7 32. Nf5 R4xf5 33. gxf5 exd5
34. f6 Bxf6 35. Kf2 Bd4+ 36. Be3 Rxf3+ 37. Kxf3 dxc4+ 38. Qe4 Bg4+ 39. Kf4 Be5+
40. Qxe5 Qf3+ 41. Kg5 dxe5 42. Rhf1 Qe4 43. Bxc5 Be2 44. Rf5 Qg4+ 45. Kf6 Qg7+
46. Ke6 Bg4 47. Rexe5 cxb3 48. Bd4 Qg6+ 0-1

[Event "Albena BUL, Team Ch 2011 GrB Men"]
[Site "Albena BUL"]
[Date "2011.06.05"]
[Round "5.2"]
[White "Janachkov, Angel"]
[Black "Yotov, Hristo"]
[Result "1-0"]
[WhiteElo "2223"]
[BlackElo "1987"]
[PlyCount "158"]
[EventDate "2011.06.02"]
[EventType "team"]
[EventRounds "9"]
[EventCountry "BUL"]

1. Nf3 d5 2. g3 Nf6 3. Bg2 g6 4. O-O Bg7 5. d3 O-O 6. c3 c6 7. Nbd2 Nbd7 8. Qc2
e5 9. e4 Re8 10. Re1 Qc7 11. b3 b6 12. Bb2 Bb7 13. Rad1 c5 14. exd5 Nxd5 15. a3
Ne7 16. Re2 Rad8 17. Rde1 f6 18. Qb1 Ba6 19. c4 Nf8 20. Ne4 Nf5 21. Nc3 Bb7 22.
b4 Ne6 23. Nd5 Qc8 24. Qa2 Qa8 25. Nd2 Nfd4 26. Bxd4 Nxd4 27. Nc7 Nxe2+ 28.
Rxe2 Qb8 29. Nxe8 Rxe8 30. Bxb7 Qxb7 31. bxc5 bxc5 32. Ne4 Qc6 33. Nc3 f5 34.
Nd5 h5 35. Qd2 Kh7 36. Qg5 e4 37. dxe4 Rxe4 38. Rxe4 fxe4 39. Qe7 Qa4 40. Qxe4
Qxa3 41. Kg2 Qb2 42. Nf4 Qb6 43. Nxh5 Kh6 44. Nf4 Bd4 45. Ne6 Kh7 46. Qh4+ Kg8
47. Qe4 Kf7 48. Ng5+ Kf6 49. Qf4+ Ke7 50. Qf7+ Kd8 51. Ne6+ Kc8 52. Qe8+ Kb7
53. Qd7+ Ka6 54. Nc7+ Ka5 55. Nd5 Qa6 56. h4 Qxc4 57. Qxa7+ Qa6 58. Qc7+ Kb5
59. Qd7+ Qc6 60. Qxc6+ Kxc6 61. Ne7+ Kb5 62. Nxg6 c4 63. Nf4 c3 64. Ne2 Kc4 65.
f4 c2 66. Kf3 Bb2 67. Ke4 Kc5 68. h5 Kd6 69. g4 Ke7 70. Kf5 Kf7 71. g5 c1=Q 72.
Nxc1 Bxc1 73. Kg4 Kg7 74. h6+ Kh7 75. f5 Bb2 76. Kh5 Bc3 77. f6 Bb2 78. f7 Bg7
79. g6+ Kh8 1-0

[Event "Albena BUL, Team Ch 2011 GrB Men"]
[Site "Albena BUL"]
[Date "2011.06.05"]
[Round "5.2"]
[White "Vasilev, Vergil"]
[Black "Tonchev, Miroslav"]
[Result "1/2-1/2"]
[WhiteElo "2005"]
[BlackElo "2274"]
[PlyCount "102"]
[EventDate "2011.06.02"]
[EventType "team"]
[EventRounds "9"]
[EventCountry "BUL"]

1. d4 Nf6 2. Nf3 d6 3. e3 g6 4. Bd3 Bg7 5. O-O O-O 6. c4 Bg4 7. h3 Bxf3 8. Qxf3
Nc6 9. Bd2 Nd7 10. Bc3 f5 11. d5 Nce5 12. Qe2 Nxd3 13. Qxd3 Nc5 14. Qc2 e5 15.
dxe6 Nxe6 16. Nd2 Qe7 17. Bxg7 Qxg7 18. b3 Rae8 19. Rae1 Re7 20. Qd3 Nc5 21.
Qd5+ Qf7 22. Qxf7+ Kxf7 23. Rd1 Ke6 24. Nb1 a5 25. Nc3 c6 26. Rd2 Kd7 27. Rfd1
Rf6 28. Rd4 Kc7 29. R4d2 g5 30. g3 Ree6 31. Kf1 Ne4 32. Nxe4 fxe4 33. Rd4 Kb6
34. a3 Kc5 35. Rc1 h5 36. Rcd1 Rf3 37. Kg2 Rf7 38. R1d2 Rd7 39. Kf1 Rde7 40.
Kg2 Rd7 41. Kf1 h4 42. g4 b5 43. Rc2 b4 44. a4 Ree7 45. Ke2 Kb6 46. Rcd2 Kc7
47. Rd1 Re5 48. R1d2 Ree7 49. Rd1 Re8 50. R1d2 Re6 51. Rd1 Rf7 1/2-1/2

[Event "Albena BUL, Team Ch 2011 GrB Men"]
[Site "Albena BUL"]
[Date "2011.06.05"]
[Round "5.3"]
[White "Trickov, Vasil"]
[Black "Vasilev, Vasil Aleksandrov"]
[Result "1/2-1/2"]
[WhiteElo "2328"]
[BlackElo "2337"]
[PlyCount "66"]
[EventDate "2011.06.02"]
[EventType "team"]
[EventRounds "9"]
[EventCountry "BUL"]

1. d4 Nf6 2. Nf3 g6 3. c4 Bg7 4. g3 O-O 5. Bg2 d5 6. O-O dxc4 7. Na3 c3 8. bxc3
c5 9. Nc4 Be6 10. Nce5 cxd4 11. cxd4 Bd5 12. a4 Nc6 13. Ba3 Re8 14. e3 Nxe5 15.
Nxe5 Bxg2 16. Kxg2 Nd7 17. f4 Nxe5 18. fxe5 Qd7 19. Qb3 e6 20. Qb5 Qxb5 21.
axb5 a6 22. b6 Rac8 23. Rfc1 Bf8 24. Bd6 Bxd6 25. exd6 Rxc1 26. Rxc1 Rd8 27.
Rc7 Rxd6 28. Rxb7 a5 29. Kf3 a4 30. h4 Kg7 31. Kf4 a3 32. Ra7 Rxb6 33. Rxa3 Rb1
1/2-1/2

[Event "Albena BUL, Team Ch 2011 GrB Men"]
[Site "Albena BUL"]
[Date "2011.06.05"]
[Round "5.3"]
[White "Ivelinov, Hristo"]
[Black "Todorov, Momchil"]
[Result "0-1"]
[WhiteElo "2236"]
[BlackElo "2212"]
[PlyCount "120"]
[EventDate "2011.06.02"]
[EventType "team"]
[EventRounds "9"]
[EventCountry "BUL"]

1. b3 d5 2. Bb2 Bg4 3. Nf3 Nd7 4. d4 Bxf3 5. exf3 Ngf6 6. Bd3 e6 7. O-O Bd6 8.
c4 c6 9. Nc3 O-O 10. Rc1 a6 11. Bb1 Re8 12. Qd3 b5 13. cxb5 cxb5 14. a4 b4 15.
Nd1 Qb8 16. h3 e5 17. Ne3 e4 18. fxe4 dxe4 19. Qe2 Bh2+ 20. Kh1 Bf4 21. d5 Be5
22. Rfd1 Bxb2 23. Qxb2 Qf4 24. Rc4 a5 25. Rcd4 Ne5 26. d6 Rad8 27. Nd5 Nxd5 28.
Rxe4 Nd3 29. Rxe8+ Rxe8 30. d7 Rd8 31. Rxd3 Rxd7 32. Qc2 Kf8 33. Rf3 Qe5 34.
Qxh7 Nf6 35. Qc2 Rc7 36. Qd1 Rd7 37. Rd3 Ne4 38. Qf3 Rxd3 39. Bxd3 Qa1+ 40. Kh2
Qe5+ 41. g3 Ng5 42. Qf5 Qxf5 43. Bxf5 Nf3+ 44. Kg2 Nd4 45. Bg4 Nxb3 46. Kf1 Nc5
47. Ke2 Nxa4 48. Kd3 Nc3 49. Kc4 Ne4 50. f4 Nxg3 51. Kb5 b3 52. Bd1 b2 53. Bc2
Ne2 54. Kc4 Nxf4 55. Kb3 Nxh3 56. Kxb2 Ke7 57. Ka3 g5 58. Ka4 g4 59. Kxa5 g3
60. Be4 Nf4 0-1

[Event "Albena BUL, Team Ch 2011 GrB Men"]
[Site "Albena BUL"]
[Date "2011.06.05"]
[Round "5.3"]
[White "Stoynov, Ivan"]
[Black "Glavchev, Stanislav"]
[Result "1-0"]
[WhiteElo "2304"]
[BlackElo "2131"]
[PlyCount "95"]
[EventDate "2011.06.02"]
[EventType "team"]
[EventRounds "9"]
[EventCountry "BUL"]

1. e4 Nc6 2. Nf3 e5 3. Bc4 Bc5 4. c3 Qf6 5. O-O Nge7 6. d3 h6 7. b4 Bb6 8. a4
a6 9. Be3 d6 10. Nbd2 O-O 11. Bxb6 cxb6 12. Bb3 Ng6 13. Ne1 Be6 14. Nc4 Bxc4
15. Bxc4 Nf4 16. g3 Ne6 17. Nc2 Ne7 18. Ne3 Rac8 19. Rc1 Rc7 20. Ng2 a5 21. b5
Nc5 22. Ne3 Qg6 23. Ba2 Kh8 24. f4 exf4 25. Rxf4 Ne6 26. Rf2 Ng5 27. Qf1 Rcc8
28. Kh1 Rcd8 29. h4 Ne6 30. Kh2 d5 31. Nxd5 Nxd5 32. Bxd5 Nc5 33. Rf3 Rd7 34.
Rc2 Rfd8 35. Bxf7 Rxf7 36. Rxf7 Rxd3 37. Rg2 Rxc3 38. Qf5 Qxf5 39. exf5 Nxa4
40. Re2 Rc8 41. Ree7 Rg8 42. Rxb7 Nc5 43. Ra7 Ne4 44. Rab7 h5 45. Kg2 Rc8 46.
Rxg7 Rc2+ 47. Kf3 Nf6 48. Rgc7 1-0

[Event "Albena BUL, Team Ch 2011 GrB Men"]
[Site "Albena BUL"]
[Date "2011.06.05"]
[Round "5.3"]
[White "Rusev, Jeliazko"]
[Black "Stoynov, Yordan"]
[Result "1-0"]
[WhiteElo "2273"]
[BlackElo "2240"]
[PlyCount "99"]
[EventDate "2011.06.02"]
[EventType "team"]
[EventRounds "9"]
[EventCountry "BUL"]

1. d4 g6 2. e4 Bg7 3. Nc3 c5 4. Be3 Qa5 5. Qd2 cxd4 6. Bxd4 Bxd4 7. Qxd4 Nf6 8.
O-O-O Nc6 9. Qd2 d6 10. Kb1 Be6 11. f3 Qc5 12. Nge2 b5 13. Nd4 a6 14. Nxc6 Qxc6
15. Nd5 Bxd5 16. exd5 Qb7 17. g4 Rc8 18. g5 Nh5 19. Bh3 Rc5 20. Bg4 O-O 21. f4
Qc7 22. h4 Rc4 23. Be2 Rc5 24. Bxh5 gxh5 25. f5 Rc8 26. Rh2 Qd7 27. Qd3 Rc4 28.
Rf1 Rg4 29. Rhf2 Rcc4 30. g6 Rcd4 31. Qe3 Qe8 32. f6 hxg6 33. Re2 Qf8 34. fxe7
Qe8 35. c3 Rxd5 36. Rxf7 Rf5 37. Rxf5 gxf5 38. Qe6+ Kg7 39. Qxd6 f4 40. Re6 b4
41. Rh6 Qf7 42. e8=Q Qf5+ 43. Kc1 Rg1+ 44. Kd2 Rg2+ 45. Ke1 Qb1+ 46. Qd1 Rg1+
47. Kf2 Rxd1 48. Qh8+ Kf7 49. Rf6+ Ke7 50. Qg7+ 1-0

[Event "Albena BUL, Team Ch 2011 GrB Men"]
[Site "Albena BUL"]
[Date "2011.06.05"]
[Round "5.3"]
[White "Krastanov, Georgi"]
[Black "Shivacheva, Donika"]
[Result "0-1"]
[WhiteElo "2131"]
[BlackElo "1681"]
[PlyCount "64"]
[EventDate "2011.06.02"]
[EventType "team"]
[EventRounds "9"]
[EventCountry "BUL"]

1. Nf3 Nf6 2. d4 d5 3. c4 c6 4. Nc3 e6 5. e3 Nbd7 6. cxd5 exd5 7. Bd3 Bd6 8.
Qc2 O-O 9. a3 Re8 10. O-O Nf8 11. h3 Ng6 12. b4 Bd7 13. Bd2 Qc8 14. Ng5 h6 15.
Nxf7 Bxh3 16. f3 Bxg2 17. Bf5 Qc7 18. Nxd6 Bxf1 19. Bxg6 Qxd6 20. Kxf1 Qg3 21.
Qf5 Rf8 22. Be1 Qh2 23. Ra2 Qh1+ 24. Ke2 Kh8 25. Bf2 Ne4 26. Qxf8+ Rxf8 27.
fxe4 Qg2 28. Bf5 g6 29. b5 gxf5 30. e5 f4 31. Kd3 Qf1+ 32. Re2 f3 0-1

[Event "Albena BUL, Team Ch 2011 GrB Men"]
[Site "Albena BUL"]
[Date "2011.06.05"]
[Round "5.3"]
[White "Hristov, Atanas"]
[Black "Kamenov, Gerasim"]
[Result "1-0"]
[WhiteElo "2231"]
[BlackElo "2124"]
[PlyCount "105"]
[EventDate "2011.06.02"]
[EventType "team"]
[EventRounds "9"]
[EventCountry "BUL"]

1. d4 Nf6 2. Nf3 e6 3. Bf4 b6 4. e3 Bb7 5. Bd3 Nh5 6. Bg5 Be7 7. Bxe7 Qxe7 8.
O-O Nf6 9. c4 Be4 10. Nc3 Bxd3 11. Qxd3 O-O 12. e4 d6 13. a3 e5 14. dxe5 dxe5
15. Nd5 Nxd5 16. Qxd5 Nd7 17. Rad1 Rad8 18. b4 Nc5 19. Qxe5 Qxe5 20. Nxe5 Nxe4
21. Nc6 Rd6 22. Rxd6 Nxd6 23. c5 bxc5 24. bxc5 Nc4 25. a4 Re8 26. Nxa7 Nb2 27.
a5 Ra8 28. Nc6 Nd3 29. Rb1 Nxc5 30. Rb8+ Rxb8 31. Nxb8 Na4 32. Kf1 Kf8 33. Ke2
Ke7 34. Kd3 Kd6 35. Kc4 c6 36. Kb4 Nb2 37. a6 Kc7 38. a7 Kb7 39. Nxc6 Nd3+ 40.
Kc3 Nxf2 41. Kd4 Ng4 42. h3 Nh6 43. Ke5 Ka8 44. g4 Ng8 45. Nd8 f6+ 46. Ke6 Nh6
47. Nf7 Ng8 48. Nd6 Nh6 49. Nf5 Nxf5 50. gxf5 Kxa7 51. Kf7 g6 52. fxg6 hxg6 53.
Kxf6 1-0

[Event "Albena BUL, Team Ch 2011 GrB Men"]
[Site "Albena BUL"]
[Date "2011.06.05"]
[Round "5.4"]
[White "Nenkov, Ljudmil"]
[Black "Kostov, Galin"]
[Result "1-0"]
[WhiteElo "2294"]
[BlackElo "2190"]
[PlyCount "79"]
[EventDate "2011.06.02"]
[EventType "team"]
[EventRounds "9"]
[EventCountry "BUL"]

1. Nf3 Nf6 2. g3 d5 3. Bg2 c6 4. d3 Bf5 5. b3 h6 6. Bb2 e6 7. Nbd2 Be7 8. e4
Bh7 9. Qe2 O-O 10. O-O a5 11. a4 Na6 12. Kh1 Nb4 13. Ne1 dxe4 14. dxe4 Qc7 15.
Nc4 Nd7 16. f4 Bf6 17. e5 Be7 18. g4 Nb6 19. f5 Nxc4 20. bxc4 Rfd8 21. Nd3 Nxd3
22. cxd3 Bc5 23. Rf4 Qb6 24. Rd1 Be3 25. Rf3 Bd4 26. Bc1 Qc5 27. fxe6 fxe6 28.
g5 Bf5 29. Bh3 Bxh3 30. Rxh3 Qxe5 31. Qxe5 Bxe5 32. gxh6 gxh6 33. Rxh6 Bg7 34.
Rxe6 Rd7 35. Rg1 Kf7 36. Re3 Rh8 37. Rxg7+ Kxg7 38. Bb2+ Kh7 39. Rh3+ Kg6 40.
Bxh8 1-0

[Event "Albena BUL, Team Ch 2011 GrB Men"]
[Site "Albena BUL"]
[Date "2011.06.05"]
[Round "5.4"]
[White "Kirjakov, Toma"]
[Black "Nikolov, Jordan"]
[Result "1-0"]
[WhiteElo "2182"]
[BlackElo "2094"]
[PlyCount "69"]
[EventDate "2011.06.02"]
[EventType "team"]
[EventRounds "9"]
[EventCountry "BUL"]

1. e4 e5 2. Nf3 Nc6 3. Bc4 Nf6 4. Ng5 d5 5. exd5 Nd4 6. d6 Qxd6 7. Nc3 Bg4 8.
Bxf7+ Ke7 9. f3 Bf5 10. Bb3 Nxb3 11. axb3 h6 12. Nge4 Qc6 13. d3 Kf7 14. Be3
Bb4 15. O-O Rhd8 16. Qe1 Nd5 17. Bd2 Nf4 18. Ng3 Qe6 19. Nxf5 Qxf5 20. Qe4 Bc5+
21. Kh1 Kg6 22. Qxb7 Ne6 23. Ne4 Bb6 24. Ng3 Qf6 25. Qe4+ Kf7 26. f4 exf4 27.
Bxf4 Kg8 28. Bxc7 Qxf1+ 29. Rxf1 Nxc7 30. Qg6 Rd7 31. Ne4 Kh8 32. g4 Re7 33. g5
Re6 34. Nf6 gxf6 35. gxf6 1-0

[Event "Albena BUL, Team Ch 2011 GrB Men"]
[Site "Albena BUL"]
[Date "2011.06.05"]
[Round "5.4"]
[White "Danov, Lyubomir"]
[Black "Ribarov, Plamen"]
[Result "1-0"]
[WhiteElo "2029"]
[BlackElo "2068"]
[PlyCount "55"]
[EventDate "2011.06.02"]
[EventType "team"]
[EventRounds "9"]
[EventCountry "BUL"]

1. e4 c6 2. d4 d5 3. exd5 cxd5 4. c4 Nf6 5. Nc3 Nc6 6. Nf3 Bg4 7. cxd5 Nxd5 8.
Be2 e6 9. O-O Be7 10. Qb3 Qb6 11. Nxd5 Qxb3 12. axb3 exd5 13. Be3 a6 14. h3 Bh5
15. g4 Bg6 16. Ne5 Nb4 17. Rac1 Bc2 18. Bd2 Bxb3 19. Rc7 b5 20. Rxe7+ Kxe7 21.
Bxb4+ Ke6 22. g5 f6 23. Bg4+ f5 24. Bf3 Rac8 25. Re1 Rc7 26. Bc5 a5 27. Nc4+
Kf7 28. Nd2 1-0